Obálka
Pro půjčování e-knih musíte být přihlášeni.
Jak si půjčit online?

Dášeňka /

Slavná kniha Karla Čapka Dášeňka patří do zlatého fondu české literatury. Spisovatel popsal první dny, týdny a měsíce života štěňátka, foxteriéra Dášeńky, s tak neopakovatelným humorem, zaujetím, do té míry vřele a s láskou, že se jeho vyprávění stalo jakousi biblí chovatelů psů. Přesné postřehy, po...

Celý popis

Uloženo v:
Hlavní autor: Čapek, Karel (Autor)
Další autoři: Höger, Karel (Autor)
Médium: E-audiokniha
Vydáno: Praha : Supraphon a.s., 2002
Tagy:
Žádné tagy
LEADER 02383nim a22003737i 4500
001 313223
007 sr nunnnnnnned
024 |a 099925540920 
044 |a xr 
100 1 |a  Čapek, Karel  |4 aut 
245 1 0 |a Dášeňka /  |c  Čapek, Karel 
264 1 |a Praha :  |b Supraphon a.s.,  |c 2002 
300 |a 1 online zdroj (45 min., 46 sek.) 
336 |a mluvené slovo  |b spw  |2 rdacontent 
337 |a audio  |b s  |2 rdamedia 
338 |a online zdroj  |b cr  |2 rdacarrier 
505 0 0 |t Když se to narodilo (5 min., 16 sek.) 
505 0 0 |t Hlas přírody (8 min., 8 sek.) 
505 0 0 |t Neposedný, žravý a ničivý tvor (3 min., 32 sek.) 
505 0 0 |t Co všechno má Dášeňka na práci (3 min., 8 sek.) 
505 0 0 |t Když Dášeňka odešla (2 min., 34 sek.) 
505 0 0 |t Jak se fotografuje štěně (3 min., 9 sek.) 
505 0 0 |t Pohádka o psím ocásku (3 min., 48 sek.) 
505 0 0 |t Proč teriéři hrabou (3 min., 45 sek.) 
505 0 0 |t O Alíkovi (2 min., 17 sek.) 
505 0 0 |t O dobrmanech (2 min., 4 sek.) 
505 0 0 |t O psích zvycích (3 min., 31 sek.) 
505 0 0 |t O lidech (4 min., 31 sek.) 
520 2 |a Slavná kniha Karla Čapka Dášeňka patří do zlatého fondu české literatury. Spisovatel popsal první dny, týdny a měsíce života štěňátka, foxteriéra Dášeńky, s tak neopakovatelným humorem, zaujetím, do té míry vřele a s láskou, že se jeho vyprávění stalo jakousi biblí chovatelů psů. Přesné postřehy, porozumění, se kterým Čapek sleduje svého milovaného pejska, chytré a vtipné pohádky, které mu vypráví, aby už konečně usnul a přestal se svou neposedností, jsou nejen literárním skvostem, ale i láskyplným vyjádřením onoho podivuhodného vztahu mezi člověkem a jeho psem. Karel Höger, který knihu vypráví na zvukovém záznamu, dokonale navázal na Čapkův styl laskavé moudrosti, se kterou tlumočí humorné příběhy ze života štěněte. Určeno všem milovníkům psů, zvláště pak štěňátek 
700 1 |a  Höger, Karel  |4 nrt 
910 |a RBIT002 
998 |d 398729  |a https://core.palmknihy.cz/api/books/398729/cover?shcg5k  |b https://core.palmknihy.cz/api/books/398729/cover/400?shcg5k  |c https://core.palmknihy.cz/api/books/398729/cover/50?shcg5k  |e 2099-01-01  |i 099925540920  |l 2746  |q 49  |r 1  |s https://www.palmknihy.cz/kniha/398729  |t audiobook  |y 2002  |z 1 
999 |d 313221